Geography Analogies #9 - Statistics

General Stats
  • This quiz has been taken 522 times
  • The average score is 6 of 15
Answer Stats
Hint Answer % Correct
Antigua is to Barbuda as Sao Tome is to ________ Principe
85%
____________ is to Austria and Switzerland as Andorra is to France and Spain Liechtenstein
75%
Mount Everest is to Nepal and China (Tibet) as __ is to Pakistan and China K2
70%
The Unicorn is to ________ as the Lion is to England Scotland
63%
The Boer (Afrikaners) are to South Africa as the Acadians are to ______ Canada
49%
Somaliland is to Somalia as _______ ____ is to Morocco Western Sahara
48%
Europe and Asia are to Turkey as North America and Europe are to _______ Iceland
45%
The Bald Eagle is to the USA as the ______ is to Canada Beaver
38%
Coca is to Colombia as _______ are to Afghanistan Poppies
33%
Greek and Turkish are to Cyprus as Tamil and _________ are to Sri Lanka Sinhalese
26%
Salud is to Mexico as _____ is to France Sante
16%
____ is to South Korea as Sake is to Japan Soju
13%
Cheers is to England as _______ is to Ireland Slainte
12%
Erta Ale is to Ethiopia as Mount __________ is to the Democratic Republic of Congo Nyiragongo
1%
Kampai is to Japan as ______ is to Korea Gunbae
0%
No matching quizzes found
Score Distribution
Percent of People with Each Score
Percentile by Number Answered
Your Score History
You have not taken this quiz